000 00878nam a22002537i 4500
003 URS
005 20230504091311.0
008 181214t2022 ph ||||| |||| 00| 0 eng d
020 _a978-621-8035-022-1
040 _beng
_erda
_cURS
050 1 4 _aLB1727.P6
_bB644 2022
100 _aBorabo, Milagros Lim,
_eauthor.
_987
245 1 0 _aTeaching internship /
_cMilagros Lim Borabo, Heidi Grace Borabo.
264 1 _aQuezon CIty :
_bLorimar Publishing,
_c©2022.
264 4 _ccopyright 2022
300 _axviii, 152 pages ;
_c27 cm.
336 _2rdacontent
_atext
337 _2rdamedia
_aunmediated
338 _2rdacarrier
_avolume
524 _aLim-Borabo, M. (2018). Teaching internship: OBE and PPST-based. Quezon City : Lorimar Publishing, Incorporated.
650 0 _aTeachers
_xTraining of.
_91336
700 _aDin, Heidi Grace Borabo,
_eauthor.
_9366
942 _2lcc
_cF
999 _c69277
_d69276